| 000 | 00632nam a22001931a 4500 | ||
|---|---|---|---|
| 001 | 18799 | ||
| 003 | OSt | ||
| 005 | 20260204212422.0 | ||
| 008 | 180903s2011||||ck ||||||b||||||||||spa|| | ||
| 020 | _a9789586956260 | ||
| 082 | _a721.2 V726c | ||
| 100 | _aVillate Matiz,Camilo | ||
| 245 | _aConstrucción racional:sistema de muros divisorios para edificios con estructura aporticada/Camilo Villate | ||
| 264 | _aBogotá:Universidad de los Andes | ||
| 300 | _a109 p. | ||
| 500 | _aIncluye bibliografía | ||
| 650 | _aPórtica-Edificios 2.Muros-Diseño y Construción 3.Diseño de estructuras 4.CimentacionesÌ | ||
| 942 |
_2ddc _cBK |
||
| 999 |
_c18799 _d18799 |
||